The Prophet of the Desert (Record no. 158535)

MARC details
000 -LEADER
fixed length control field 00764nam a22001937a 4500
005 - DATE AND TIME OF LATEST TRANSACTION
control field 20181102130745.0
010 ## - LCCN (DPL NO)
LC control number B-712836
020 ## - INTERNATIONAL STANDARD BOOK NUMBER
International Standard Book Number 8174350489
Terms of availability 195.00
035 ## - SYSTEM CONTROL NUMBER
System control number B-712836
037 ## - SOURCE OF ACQUISITION
Source of stock number/acquisition L/RP/RK Books
082 ## - DEWEY DECIMAL CLASSIFICATION NUMBER
Classification number 297.63
100 ## - MAIN ENTRY--PERSONAL NAME
Personal name Khalid Latif Gauba
245 ## - TITLE STATEMENT
Title The Prophet of the Desert
Statement of responsibility, etc By Khalid Latif Gauba
260 ## - PUBLICATION, DISTRIBUTION, ETC. (IMPRINT)
Place of publication, distribution, etc New Delhi
Name of publisher, distributor, etc Adam Publishers & Distributors
Date of publication, distribution, etc 2014
270 ## - ADDRESS
Address 1542, Pataudi House Darya Ganj
City New Delhi
Postal code 110002
Telephone number 01123284740,01123282550
Electronic mail address apd1542@gmail.com
300 ## - PHYSICAL DESCRIPTION
Extent 190p.
Dimensions 21cm.(pbk)
942 ## - ADDED ENTRY ELEMENTS (KOHA)
Source of classification or shelving scheme Dewey Decimal Classification
Item type English Books
Classification part 297.63
Call number suffix KHA
Holdings
Withdrawn status Lost status Not for loan Collection code Home library Current library Date acquired Source of acquisition Cost, normal purchase price Full call number Barcode Copy number Cost, replacement price Koha item type Public note
      Non-fiction Central Library Central Library 02/11/2018 RK Books/IN1966/18.10.2018/169/10.10.2018/31.10.2018 195.00 297.63 KHA B-712836 1 195.00 English Books RP

© Delhi Public Library
Hit Counter
free hit counter